Qui suis-je ? – Journal intime #2 - Statistiques

Statistiques générales
  • Ce quiz a été pris 50 fois
  • Le résultat moyen est 5 sur 8
Statistiques - réponses
Extraits du journal intime Personnage % Correct
Les voix m'ont parlé encore à l'aube. Sainte Catherine et Sainte Marguerite. Elles me disent d'avancer.
Les hommes d'armes me regardent de travers au début. Puis ils me suivent. La foi est plus forte que le doute des capitaines.
Le Dauphin hésite toujours. Il a peur de croire. Mais si je prends Orléans, il n'aura plus le choix.
Je suis née à Domrémy, fille de laboureurs. Je n'aurais jamais dû me retrouver ici — et pourtant.
Je porte une armure. Elle pèse. Mais elle dit aux soldats que je suis l'un d'eux — et c'est tout ce qu'il faut.
Jeanne d'Arc
98%
Demain, la marche. Deux cent mille personnes attendues. Je ne sais pas encore exactement ce que je vais dire — c'est toujours ainsi pour les grands moments.
Le FBI surveille mes téléphones depuis des mois. Je le sais. Je parle quand même. Se taire par peur, c'est déjà perdre.
Malcolm dit que ma méthode est trop douce. Nous nous aimons et nous ne sommes pas d'accord. C'est possible.
Coretta est inquiète. Elle a toujours peur. Moi aussi — mais la peur n'est pas une raison. C'est parfois le meilleur moteur.
Je suis pasteur avant tout. La politique est mon outil. La foi est ma fondation. Sans elle, les discours ne sont que des mots.
Martin Luther King
81%
J'ai signé la lettre ce matin. Toute ma carrière d'un côté, la vérité de l'autre. J'ai choisi la vérité.
Les jurés m'ont condamné. Peu importe — l'important est que le texte existe. On ne condamne pas une vérité imprimée.
Dreyfus est innocent. Je le sais comme deux et deux font quatre. Les généraux mentent — et le pays les croit.
Ma femme ne comprend pas pourquoi je risque tout. Je lui dis que certaines injustices sont trop grandes pour se taire.
Je suis fils d'un ingénieur italien. Je sais ce que c'est d'être étranger dans son propre pays. Je sais ce que ça coûte.
Emile Zola
79%
La Convention se tait quand j'entre. Ce n'est plus du respect — c'est de la peur. Je ne sais plus si c'est bon ou mauvais.
Danton est mort. J'ai signé. Il le fallait. La Révolution ne peut pas se permettre des amis qui faiblissent.
Je suis avocat d'Arras, fils de personne. J'ai tout construit sur la vertu. La vertu est ma seule noblesse.
On m'appelle l'Incorruptible. C'est exact. Je ne peux pas être acheté parce que je ne veux rien pour moi.
Je ne dors plus bien. Les visages des condamnés ne me poursuivent pas — mais l'idée d'avoir eu tort, elle.
Robespierre
71%
Le livre est sorti depuis quelques mois. Personne ne l'a lu. Huit exemplaires vendus. Dans cent ans, on en parlera encore.
Un patient m'a décrit son rêve ce matin — une maison à plusieurs étages, chaque pièce une époque. Je commence à comprendre.
Vienne me pèse. L'antisémitisme monte encore. Je suis juif dans un empire qui ne veut plus de juifs.
Vingt cigares par jour, disent mes amis. Ils exagèrent. À peine.
Le sexe est au cœur de tout — voilà ce que personne ne veut entendre. On préfère un inconscient propre et rangé.
Sigmund Freud
67%
Les hommes ont écrit leur Déclaration en oubliant la moitié de l'humanité. Je vais la réécrire moi-même, article par article.
Je suis née bâtarde à Montauban. Fille d'un père que je n'ai jamais pu nommer. C'est pour ça que je comprends les exclus.
Robespierre me fait peur — pas parce qu'il est fort, mais parce qu'il est certain. Les gens certains font plus de morts que les gens violents.
J'ai envoyé mon texte aux journaux. La plupart ne l'ont pas publié. Une femme qui réclame les droits des femmes — ils trouvent ça comique.
Si une femme peut monter à l'échafaud, elle doit pouvoir monter à la tribune. C'est la logique la plus simple du monde.
Olympe de Gouges
40%
J'ai écrit la nuit entière. Mon père dormait dans la pièce à côté. J'ai relu ce que j'avais écrit. C'était bien. Je l'ai brûlé.
Max dit que je suis un génie. Il a tort — ou il a raison et ça revient au même. Je ne le saurai jamais.
La compagnie d'assurances m'absorbe le jour. Des rapports sur les corps brisés. La bureaucratie qui les enregistre. C'est mon vrai sujet.
Je suis juif, tchèque, j'écris en allemand. Je n'appartiens à aucune de ces trois maisons. Je vis dans les couloirs.
Felice m'a répondu. Nous allons nous écrire des années et ne nous voir presque jamais. C'est peut-être la forme d'amour qui me convient.
Franz Kafka
38%
J'ai passé la nuit sur les traductions et les notes. Mes notes sont maintenant plus longues que l'article de Babbage lui-même. C'est mieux ainsi.
Babbage est un génie mais il ne voit pas ce que sa machine pourrait faire au-delà des nombres. Je le vois, moi.
Mon père était poète et j'ai hérité de son imagination. Ma mère a tout fait pour que je sois uniquement mathématicienne. Elle a échoué à moitié.
Les médecins me donnent de la laudanum pour les douleurs. Cela trouble ma pensée. Je travaille entre les doses.
Si cette machine peut manipuler des symboles, elle peut composer de la musique. Personne d'autre que moi ne l'a dit.
Ada Lovelace
14%
Aucun quiz correspondant
Distribution des résultats
% des personnes avec chaque résultat
Percentile par nombre de réponses
Votre historique - résultats
Vous n’avez pas pris ce quiz